Historia de la gastronomía / (Registro nro. 55291)
[ vista simple ]
| 000 -LEADER | |
|---|---|
| fixed length control field | 01154cam a2200277 i 4500 |
| 001 - CONTROL NUMBER | |
| control field | 55291 |
| 003 - CONTROL NUMBER IDENTIFIER | |
| control field | Mx-PuUPA |
| 005 - DATE AND TIME OF LATEST TRANSACTION | |
| control field | 20221110113636.0 |
| 008 - FIXED-LENGTH DATA ELEMENTS--GENERAL INFORMATION | |
| fixed length control field | 140415s1997 sp a r 000 0 spa d |
| 020 ## - INTERNATIONAL STANDARD BOOK NUMBER | |
| International Standard Book Number | 8441306672 |
| 040 ## - CATALOGING SOURCE | |
| Original cataloging agency | Mx-PuUPA |
| Language of cataloging | spa |
| Transcribing agency | Mx-PuUPA |
| Modifying agency | Mx-PuUPA |
| Description conventions | rda |
| 041 0# - LANGUAGE CODE | |
| Language code of text/sound track or separate title | spa |
| 100 1# - MAIN ENTRY--PERSONAL NAME | |
| Personal name | Luján, Néstor, |
| Dates associated with a name | 1922-1995 |
| Relator term | autor |
| 9 (RLIN) | 8670 |
| 245 10 - TITLE STATEMENT | |
| Title | Historia de la gastronomía / |
| Statement of responsibility, etc. | Néstor Luján |
| 250 ## - EDITION STATEMENT | |
| Edition statement | 1a. edición |
| 264 #1 - PRODUCTION, PUBLICATION, DISTRIBUTION, MANUFACTURE, AND COPYRIGHT NOTICE | |
| Place of production, publication, distribution, manufacture | Barcelona : |
| Name of producer, publisher, distributor, manufacturer | Ediciones Folio, |
| Date of production, publication, distribution, manufacture, or copyright notice | 1997 |
| 300 ## - PHYSICAL DESCRIPTION | |
| Extent | 318 páginas : |
| Other physical details | ilustraciones ; |
| Dimensions | 30 cm. |
| 336 ## - CONTENT TYPE | |
| Fuente | rdacontent |
| Content type term | texto |
| Content type code | txt |
| 337 ## - MEDIA TYPE | |
| Source | rdamedia |
| Media type term | sin medio |
| Media type code | n |
| 338 ## - CARRIER TYPE | |
| Source | rdacarrier |
| Carrier type term | volumen |
| Carrier type code | nc |
| 650 #4 - SUBJECT ADDED ENTRY--TOPICAL TERM | |
| Topical term or geographic name entry element | Gastronomía |
| General subdivision | Historia |
| 942 ## - ADDED ENTRY ELEMENTS (KOHA) | |
| Source of classification or shelving scheme | Dewey Decimal Classification |
| Koha item type | Libro |
| Classification part | 641.509 |
| Item part | L953 |
| 520 ## - SUMMARY, ETC. | |
| Summary, etc. | ESTE LIBRO ESTUDIA ESTRICTAMENTE LA HISTORIA DE LA GASTRONOMIA EN ORIENTE Y OCCIDENTE. PRETENDEMOS QUE SEA UNA CRONICA DE LOS ASPECTOS MAS VARIADOS, MAS SEDUCTORES Y RECONFORTANTES DEL ARTE DE COMER CMO SON LA FANTASIA, LA INVENCIÓN, EL TRABAJO Y SI SE QUIERE, LA DEDICACION CONSTANTE EN ALGO TENTADOR, UTILIZABLE Y EXQUISITO. |
| Withdrawn status | Lost status | Source of classification or shelving scheme | Damaged status | Not for loan | Collection code | Home library | Current library | Shelving location | Date acquired | Source of acquisition | Total Checkouts | Full call number | Barcode | Date last seen | Price effective from | Koha item type |
|---|---|---|---|---|---|---|---|---|---|---|---|---|---|---|---|---|
| Dewey Decimal Classification | Referencia | Biblioteca Karol Wojtyla | Biblioteca Karol Wojtyla | Área de silencio | 03/12/2013 | Compra | 641.509 L953 1997 | 82987 | 05/01/2026 | 22/05/2014 | Libro R |